<?xml version="1.0" encoding="UTF-8"?>
<collection xmlns="http://www.loc.gov/MARC21/slim">
 <record>
  <leader>01728nam a2200205Ia 4500</leader>
  <controlfield tag="001">TDMU_29084</controlfield>
  <controlfield tag="008">210410s9999    xx            000 0 und d</controlfield>
  <datafield tag="082" ind1=" " ind2=" ">
   <subfield code="a">547</subfield>
  </datafield>
  <datafield tag="090" ind1=" " ind2=" ">
   <subfield code="b">NG450</subfield>
  </datafield>
  <datafield tag="100" ind1=" " ind2=" ">
   <subfield code="a">Ngô, Đăng Tri</subfield>
  </datafield>
  <datafield tag="245" ind1=" " ind2="0">
   <subfield code="a">Tiến trình lịch sử Đảng Cộng sản Việt Nam (1930 - 2016)</subfield>
  </datafield>
  <datafield tag="245" ind1=" " ind2="0">
   <subfield code="c">Ngô Đăng Tri</subfield>
  </datafield>
  <datafield tag="260" ind1=" " ind2=" ">
   <subfield code="a">H.</subfield>
  </datafield>
  <datafield tag="260" ind1=" " ind2=" ">
   <subfield code="b">Thông tin và Truyền thông</subfield>
  </datafield>
  <datafield tag="260" ind1=" " ind2=" ">
   <subfield code="c">2016</subfield>
  </datafield>
  <datafield tag="300" ind1=" " ind2=" ">
   <subfield code="a">485tr.</subfield>
  </datafield>
  <datafield tag="520" ind1=" " ind2=" ">
   <subfield code="a">Khái quát tiến trình lịch sử đấu tranh cách mạng và vai trò lãnh đạo của Đảng Cộng sản Việt Nam qua các thời kì: Lãnh đạo đấu tranh giành chính quyền (1930-1945); xây dựng chế độ dân chủ nhân dân và kháng chiến chống thực dân Pháp (1945-1954); xây dựng chủ nghĩa xã hội ở miền Bắc và kháng chiến chống Mỹ cứu nước (1954-1975); xây dựng và bảo vệ Tổ quốc trong thời kì đầu cả nước đi lên chủ nghĩa xã hội (1975-1986); lãnh đạo công cuộc đổi mới đưa đất nước ra khỏi khủng hoảng kinh tế (1986-1996); lãnh đạo đẩy mạnh sự nghiệp công nghiệp hoá, hiện đại hoá đất nước và hội nhập quốc tế (1996-2016) cùng những bài học kinh nghiệm qua những chặng đường lịch sử</subfield>
  </datafield>
  <datafield tag="650" ind1=" " ind2=" ">
   <subfield code="a">Đảng Cộng sản Việt Nam</subfield>
   <subfield code="x">Lịch sử</subfield>
   <subfield code="y">1930-2016</subfield>
   <subfield code="z">Việt Nam</subfield>
  </datafield>
  <datafield tag="856" ind1=" " ind2=" ">
   <subfield code="u">http://lrc.tdmu.edu.vn/opac/search/detail.asp?aID=2&amp;ID=29084</subfield>
  </datafield>
  <datafield tag="980" ind1=" " ind2=" ">
   <subfield code="a">Trung tâm Học liệu Trường Đại học Thủ Dầu Một</subfield>
  </datafield>
 </record>
</collection>
